[Event "GRE-chT Online Rapid op 1st"]
[Site "Tornelo INT"]
[Date "2021.02.21"]
[Round "6.32"]
[White "Kalergios, Efstratios"]
[Black "Karampasis, Kleitos"]
[Result "1-0"]
[WhiteElo "1330"]
[BlackElo "1164"]
[PlyCount "107"]
[EventDate "2021.02.20"]
[EventType "team-swiss (rapid)"]
[EventRounds "9"]
[EventCountry "GRE"]
[SourceTitle "EXT 2023"]
[Source "ChessBase"]
[SourceDate "2022.10.05"]
[SourceVersion "1"]
[SourceVersionDate "2022.10.05"]
[SourceQuality "1"]

1. e4 c5 2. Nc3 Nc6 3. g3 Nf6 4. Bg2 g6 5. d3 Bg7 6. f4 d6 7. Nf3 Bg4 8. 0-0 Nd4 9. Be3 Nxf3+ 10. Bxf3 Bxf3 11. Qxf3 Qc7 12. Rab1 h5 13. f5 gxf5 14. Qxf5 e6 15. Qg5 Bh6 16. Qxf6 Bxe3+ 17. Kh1 Bd4 18. Nb5 Qe7 19. Nxd4 Qxf6 20. Rxf6 cxd4 21. Rbf1 Rh7 22. Kg2 Rc8 23. R6f2 h4 24. gxh4 Rxh4 25. Rxf7 Rxc2+ 26. R1f2 Rxf2+ 27. Rxf2 Rh5 28. Rc2 Kd7 29. h3 d5 30. exd5 Rxd5 31. Kf3 Kd6 32. h4 Rh5 33. Rh2 e5 34. Kg4 Rh8 35. h5 Kd5 36. h6 e4 37. Rh5+ Ke6 38. dxe4 d3 39. Kf3 Rd8 40. Rh1 Ke5 41. h7 Rh8 42. Ke3 d2 43. Rh5+ Kf6 44. Kxd2 Kg6 45. Rh3 Rxh7 46. Rxh7 Kxh7 47. Kd3 Kg7 48. Kd4 Kf7 49. Ke5 Ke7 50. Kd5 Kd7 51. e5 Ke7 52. e6 Kd8 53. Kd6 Ke8 54. e7 1-0

[Event "GRE-chT Online Rapid op 1st"]
[Site "Tornelo INT"]
[Date "2021.02.20"]
[Round "2.31"]
[White "Kalergios, Efstratios"]
[Black "Voidis, Charalambos"]
[Result "1-0"]
[WhiteElo "1330"]
[BlackElo "1249"]
[PlyCount "51"]
[EventDate "2021.02.20"]
[EventType "team-swiss (rapid)"]
[EventRounds "9"]
[EventCountry "GRE"]
[SourceTitle "EXT 2023"]
[Source "ChessBase"]
[SourceDate "2022.10.05"]
[SourceVersion "1"]
[SourceVersionDate "2022.10.05"]
[SourceQuality "1"]

1. e4 c5 2. Nc3 d6 3. g3 Nf6 4. Bg2 e6 5. f4 Be7 6. Nf3 Nc6 7. d3 a6 8. a3 Qc7 9. Be3 Bd7 10. h3 d5 11. e5 Ng8 12. Bd2 f6 13. Qe2 Nd4 14. Qd1 Nxf3+ 15. Qxf3 fxe5 16. Qh5+ g6 17. Qxe5 Qxe5+ 18. fxe5 Bf8 19. 0-0-0 Bh6 20. Rhf1 Bxd2+ 21. Rxd2 Nh6 22. g4 Nf7 23. Re2 b5 24. Nxd5 0-0-0 25. Ne7+ Kc7 26. Rxf7 1-0

[Event "GRE-chT Online Rapid op 1st"]
[Site "Tornelo INT"]
[Date "2021.02.20"]
[Round "1.8"]
[White "Kouskoutis, Georgios Alexandros"]
[Black "Kalergios, Efstratios"]
[Result "1-0"]
[WhiteElo "2231"]
[BlackElo "1330"]
[PlyCount "81"]
[EventDate "2021.02.20"]
[EventType "team-swiss (rapid)"]
[EventRounds "9"]
[EventCountry "GRE"]
[SourceTitle "EXT 2023"]
[Source "ChessBase"]
[SourceDate "2022.10.05"]
[SourceVersion "1"]
[SourceVersionDate "2022.10.05"]
[SourceQuality "1"]

1. c4 c6 2. g3 Nf6 3. Bg2 g6 4. b3 Bg7 5. Bb2 0-0 6. Nf3 d5 7. 0-0 Re8 8. d4 Bf5 9. Nbd2 Nbd7 10. Rc1 e6 11. Nh4 Rc8 12. h3 h5 13. Re1 Nf8 14. e3 N8h7 15. cxd5 cxd5 16. Nxf5 exf5 17. Nf3 Ne4 18. h4 g5 19. Rxc8 Qxc8 20. Nxg5 Nhf6 21. Qe2 Bh6 22. Rc1 Qd7 23. Nxe4 fxe4 24. a4 Bf8 25. Bf1 Bd6 26. Qb5 Qf5 27. Rc2 Kh7 28. Qxb7 Ng4 29. Bh3 Rh8 30. Qa6 Be7 31. Qe2 Rg8 32. Bg2 Bxh4 33. gxh4 Qg6 34. Qf1 Qf6 35. Kh1 Qxh4+ 36. Bh3 Rg6 37. Ba3 Rf6 38. Be7 Qg3 39. fxg3 Rxf1+ 40. Bxf1 Nxe3 41. Rf2 1-0